| 000 | 00756nam a2200253 a 4500 | ||
|---|---|---|---|
| 001 | 000022790 | ||
| 005 | 20200930021810.0 | ||
| 008 | 101118s2001 sp 000 0 spa d | ||
| 020 | _a8474323363 | ||
| 040 |
_aDO-SdBNP _bspa _cBNPHU |
||
| 082 |
_axxxx _bR541i |
||
| 100 | 1 |
_aRicoeur, Paul, _d1913- _946825 |
|
| 245 | 1 | 0 |
_aIdeología y utopía / _cPaul Ricoeur ; compilación George H. Taylor. |
| 260 |
_aBarcelona, : _bGedisa, _c2001. |
||
| 300 |
_a355 p. ; _c23 cm. |
||
| 490 | 1 | _aFilosofía/Política | |
| 490 | 1 | _aCLA-DE-MA | |
| 500 | _aIncluye índice temático | ||
| 504 | _aBibliografías : p. 329-341 | ||
| 700 | 1 |
_aTaylos, George H., _ecomp. _946826 |
|
| 830 | 0 |
_aFilosofía/Política _946827 |
|
| 830 | 0 |
_aCLA-DE-MA _946828 |
|
| 049 | _aBNPD | ||
| 999 |
_c22287 _d22287 |
||